| 000 | 01083cam a22003011 4500 | ||
|---|---|---|---|
| 001 | sa 67000252 | ||
| 003 | DLC | ||
| 005 | 20260227112313.0 | ||
| 008 | 781208s1964 fr ab 000 0 fre | ||
| 010 | _asa 67000252 | ||
| 035 | _a(OCoLC)4433174 | ||
| 040 |
_aDLC _cNcGU _dDLC |
||
| 042 | _apremarc | ||
| 050 | 0 | 0 |
_aBL1245.S5 _bD4 |
| 100 | 1 | _aDessigane, R. | |
| 245 | 1 | 4 |
_aLes légendes c̜ivaïtes de Kāñcipuram; _banalyse de textes et iconographie, _cpar R. Dessigane, P. Z. Pattabiramin et Jean Filliozat. |
| 260 |
_aPondichéry, _bInstitut Franc̜ais d'Indologie, _c1964. |
||
| 300 |
_axviii, 152, 99 p. _billus., fold. map. _c25 cm. |
||
| 490 | 1 |
_aPublication de l'Institut franc̜ais d'indologie, _vno. 27 |
|
| 504 | _aBibliographical footnotes. | ||
| 650 | 0 | _aHindu legends. | |
| 650 | 0 |
_aLegends _zIndia _zKānchipuram. |
|
| 650 | 0 | _aŚaivism. | |
| 651 | 0 |
_aKānchipuram (India) _xAntiquities. |
|
| 700 | 1 |
_aPattabiramin, P. Z. _ejoint author. |
|
| 700 | 1 |
_aFilliozat, Jean, _ejoint author. |
|
| 830 | 0 |
_aPublications de l'Institut français d'indologie ; _vno. 27. |
|
| 999 |
_c71854 _d71854 |
||